000 00608nam a22002057a 4500
005 20180827120519.0
010 _aENG-123774
020 _c380.00
_a9788123762524
035 _aEN-107306
037 _bDBAD/PUB
082 _aN
100 _aPradhan G.P.
245 _aA tale with seven answers /
_cby G.P. Pradhan;trns. by Shrikant Tambe
260 _aNew Delhi
_bNational Book Trust
_c2011
270 _aNehru Bhawan, 5 Industrial Area, Phae-II, Vasant Kunj,
_bNew Delhi
_e110070
300 _axii,471p.
_c24cm(pbk)
650 _aFiction
700 _aTambe, Shrikant
942 _2ddc
_cEN
_mPRA
_hN
999 _c156379
_d156379